Normal view
MARC view
- Johnson, J. B
Entry Personal Name
001 - CONTROL NUMBER
- control field: 42984
003 - CONTROL NUMBER IDENTIFIER
- control field: NUST
005 - DATE AND TIME OF LATEST TRANSACTION
- control field: 20210314132504.0
008 - FIXED-LENGTH DATA ELEMENTS
- fixed length control field: 210314|| aca||aabn | a|a d
040 ## - CATALOGING SOURCE
- Original cataloging agency: NUST
- Transcribing agency: NUST
100 ## - HEADING--PERSONAL NAME
- Personal name: Johnson, J. B
670 ## - SOURCE DATA FOUND
- Source citation: Work cat.: (NUST): Johnson, J. B., The theory and practice of modern framed structures ;, 1949.
